00787nam a22001697a 4500008004100000020001800041040005500059080002400114245016300138260004300301300001000344500005300354650001600407942001200423999001700435952016500452230621b |||||||| |||| 00| 0 eng d a0-86010-667-5 aNational Science LibrarycNational Science Library a626.02(082.2)bM5.2 aAdvances in underwater technology and offshore engineeringc/ Proceedings of an international conference...................................15-16 January, 1985 aLondon: bGraham & Trotman Ltd, c1985 a247p. aVol. 2 Design and installation of subsea systems aProceedings 2udccPR c45712d45712 00102udc3Vol. 2, 1985406626020822_M5270969321aNSLbNSLcGF/Rk-13/C-14/R-3d1986-09-22l0o626.02(082.2) M5.2p167835r2023-06-21 00:00:00w1986-09-22yPR